[Event "N�-LL 2005/06"]
[Site "?"]
[Date "2005.10.02"]
[Round "2"]
[White "Penz, Harald"]
[Black "Wukits, Rene"]
[Result "1/2-1/2"]
[WhiteElo "2283"]
[BlackElo "2329"]
[Annotator "Ternitz/Gloggnitz : Mauerbach"]
[PlyCount "28"]
[EventDate "2005.09.27"]
[SourceDate "2005.10.05"]

1. e4 d5 2. exd5 Nf6 3. Nf3 Nxd5 4. d4 g6 5. c4 Nb6 6. Nc3 Bg7 7. Be3 O-O 8.
Be2 Nc6 9. d5 Na5 10. Bd4 e5 11. Nxe5 Re8 12. Nf3 Naxc4 13. Bxg7 Kxg7 14. O-O
Qf6 1/2-1/2

[Event "N�-LL 2005/06"]
[Site "?"]
[Date "2005.10.02"]
[Round "2"]
[White "Degen, Gerhard"]
[Black "Schorn, Christoph"]
[Result "1/2-1/2"]
[WhiteElo "2117"]
[BlackElo "2162"]
[Annotator "Ternitz/Gloggnitz : Mauerbach"]
[PlyCount "46"]
[EventDate "2005.09.27"]
[SourceDate "2005.10.05"]

1. d4 Nf6 2. c4 g6 3. Nc3 d5 4. Bf4 Bg7 5. e3 c5 6. Nf3 Qa5 7. Be2 Nc6 8. O-O
cxd4 9. Nb5 O-O 10. Bc7 b6 11. exd4 a6 12. Na3 Ra7 13. Bf4 dxc4 14. Nxc4 Qf5
15. Bd2 Nd5 16. Ne3 Qd7 17. Qb3 Nf4 18. Rfe1 Nxe2+ 19. Rxe2 Nxd4 20. Nxd4 Qxd4
21. Bc3 Qc5 22. Bxg7 Kxg7 23. Rc2 Qb5 1/2-1/2

[Event "N�-LL 2005/06"]
[Site "?"]
[Date "2005.10.02"]
[Round "2"]
[White "Bechmann, Gerhard"]
[Black "Braun, Karl Heinz"]
[Result "1/2-1/2"]
[WhiteElo "2040"]
[BlackElo "2103"]
[Annotator "Ternitz/Gloggnitz : Mauerbach"]
[PlyCount "89"]
[EventDate "2005.09.27"]
[SourceDate "2005.10.05"]

1. f4 g6 2. Nf3 Nf6 3. d3 d5 4. c3 Bg7 5. g3 O-O 6. Bg2 c5 7. O-O Nc6 8. Na3
Re8 9. Ne5 Be6 10. e3 Qc8 11. Bd2 Bh3 12. Qe2 Bxg2 13. Qxg2 Rd8 14. Nc2 Qc7 15.
Nxc6 Qxc6 16. Rfd1 Qb5 17. Bc1 h5 18. a4 Qd7 19. Ne1 a5 20. Nf3 b5 21. Qc2 Ng4
22. axb5 Qxb5 23. Bd2 Rdb8 24. Rdb1 a4 25. Ra3 Ra6 26. b4 d4 27. c4 Qb7 28. e4
f5 29. b5 fxe4 30. dxe4 Rd6 31. h3 d3 32. Qd1 Nh6 33. e5 Rd7 34. Rxa4 Qe4 35.
Kf2 Nf5 36. Qe1 Qb7 37. Ra6 Nd4 38. Qh1 Qe4 39. Re1 Ne2 40. Ng5 Qxc4 41. Qc6
Qd4+ 42. Be3 Qb2 43. Qe6+ Kh8 44. Kf3 d2 45. Nf7+ 1/2-1/2

[Event "N�-LL 2005/06"]
[Site "?"]
[Date "2005.10.02"]
[Round "2"]
[White "Zuser, Franz"]
[Black "Tatzmann, Peter"]
[Result "1/2-1/2"]
[WhiteElo "2073"]
[BlackElo "2010"]
[Annotator "Ternitz/Gloggnitz : Mauerbach"]
[PlyCount "42"]
[EventDate "2005.09.27"]
[SourceDate "2005.10.05"]

1. e4 d5 2. exd5 Qxd5 3. Nc3 Qa5 4. Nf3 Nf6 5. Bc4 Bf5 6. O-O e6 7. a3 c6 8.
Qe2 Nbd7 9. d4 Bd6 10. h3 O-O-O 11. Rb1 Qc7 12. b4 Nb6 13. Bb3 Nbd5 14. Nxd5
exd5 15. Be3 Ne4 16. Rbc1 b5 17. c3 g5 18. Nd2 Rhg8 19. Nxe4 Bxe4 20. Bc2 f5
21. Bxe4 fxe4 1/2-1/2

[Event "N�-LL 2005/06"]
[Site "?"]
[Date "2005.10.02"]
[Round "2"]
[White "Plachetka, Jan"]
[Black "Spacek, Petr"]
[Result "1/2-1/2"]
[WhiteElo "2422"]
[BlackElo "2379"]
[Annotator "Krems : Bad V�slau/Kottingbrunn"]
[PlyCount "50"]
[EventDate "2005.09.27"]
[SourceDate "2005.10.05"]

1. d4 d5 2. c4 e6 3. Nc3 Be7 4. Nf3 Nf6 5. Bg5 h6 6. Bh4 O-O 7. e3 b6 8. Bd3
Bb7 9. O-O Nbd7 10. Qe2 Ne4 11. Bg3 f5 12. Rac1 c5 13. Rfd1 Bf6 14. cxd5 exd5
15. Ba6 Qc8 16. Bxb7 Qxb7 17. dxc5 Nxc3 18. bxc3 Nxc5 19. Be5 Rae8 20. c4 dxc4
21. Qxc4+ Kh7 22. Bd4 Rc8 23. Qe2 Ne6 24. Bb2 Rxc1 25. Rxc1 f4 {
Rest nicht lesbar} 1/2-1/2

[Event "N�-LL 2005/06"]
[Site "?"]
[Date "2005.10.02"]
[Round "2"]
[White "Mozny, Milos"]
[Black "Borosova, Zuzana"]
[Result "1-0"]
[WhiteElo "2373"]
[BlackElo "2222"]
[Annotator "Krems : Bad V�slau/Kottingbrunn"]
[PlyCount "78"]
[EventDate "2005.09.27"]
[SourceDate "2005.10.05"]

1. d4 Nf6 2. g3 e6 3. Bg2 d5 4. c4 Be7 5. Nf3 O-O 6. O-O dxc4 7. Ne5 Nbd7 8.
Nxc4 c5 9. dxc5 Bxc5 10. Nc3 Qe7 11. a3 Nb6 12. Nxb6 Bxb6 13. Na4 Bc7 14. Be3
Bd6 15. Nc3 Ng4 16. Bd2 f5 17. e4 Bc5 18. Qe2 e5 19. h3 f4 20. gxf4 exf4 21.
hxg4 Be6 22. Bf3 Qh4 23. Kg2 Qg5 24. Rh1 Bxg4 25. Bxg4 f3+ 26. Qxf3 Qxd2 27.
Bf5 g6 28. Qg3 Qxb2 29. Ra2 Qb6 30. Na4 Qc6 31. Nxc5 Rxf5 32. Qb3+ Kh8 33. Qxb7
Rg5+ 34. Kf1 Qxb7 35. Nxb7 Rb8 36. Rb2 Re5 37. Rh3 Rxe4 38. Nd6 Rxb2 39. Nxe4
Kg7 {Rest nicht lesbar} 1-0

[Event "N�-LL 2005/06"]
[Site "?"]
[Date "2005.10.02"]
[Round "2"]
[White "Szvetits, Rene"]
[Black "Mayer, Martin"]
[Result "0-1"]
[WhiteElo "2046"]
[BlackElo "1967"]
[Annotator "Krems : Bad V�slau/Kottingbrunn"]
[PlyCount "50"]
[EventDate "2005.09.27"]
[SourceDate "2005.10.05"]

1. e4 c5 2. Nf3 d6 3. d4 cxd4 4. Nxd4 Nf6 5. Nc3 Nc6 6. Be2 g6 7. Be3 Bg7 8.
O-O O-O 9. Nb3 a6 10. a4 Be6 11. f4 Na5 12. Nxa5 Qxa5 13. Qd2 Rac8 14. Rab1
Rxc3 15. Qxc3 Qxa4 16. Bd3 Nd5 17. b3 Bxc3 18. bxa4 Nxe3 19. Rf3 Bd4 20. c3 Bc5
21. Kf2 Nd1+ 22. Kg3 Nxc3 23. Rxb7 Nxa4 24. Bxa6 Bc8 25. f5 Bxb7 0-1

[Event "N�-LL 2005/06"]
[Site "?"]
[Date "2005.10.02"]
[Round "2"]
[White "Walter, Martin"]
[Black "Zojer, Stefan"]
[Result "0-1"]
[WhiteElo "1997"]
[BlackElo "1984"]
[Annotator "Krems : Bad V�slau/Kottingbrunn"]
[PlyCount "78"]
[EventDate "2005.09.27"]
[SourceDate "2005.10.05"]

1. e4 c5 2. d4 cxd4 3. c3 dxc3 4. Nxc3 Nc6 5. Nf3 Nf6 6. Bc4 a6 7. O-O e6 8.
Qe2 b5 9. Bb3 d6 10. Rd1 Qc7 11. Bf4 Be7 12. Rac1 e5 13. Bg5 Bb7 14. a4 b4 15.
Nd5 Qd8 16. Bxf6 Bxf6 17. Qc4 O-O 18. Nxb4 Na5 19. Qd3 Qb6 20. Nd5 Qxb3 21. Rc3
Qxa4 22. Ra3 Qb5 23. Nxf6+ gxf6 24. Qd2 Nc4 25. Qh6 Nxa3 26. Qxf6 Bxe4 27. h4
Nc4 28. h5 h6 29. Ng5 Qd7 30. Nxe4 Qe6 31. Qh4 f5 32. Nc3 Nb6 33. Qb4 d5 34.
Rd3 Kh8 35. f4 e4 36. Rg3 Rg8 37. Qd4+ Kh7 38. Nxd5 Nxd5 39. Rb3 Rg7 0-1

[Event "N�-LL 2005/06"]
[Site "?"]
[Date "2005.10.02"]
[Round "2"]
[White "Sulyok, Michael"]
[Black "Heimberger, Reinhard"]
[Result "1/2-1/2"]
[WhiteElo "2164"]
[BlackElo "2268"]
[Annotator "B�hlerwerk : Baden"]
[PlyCount "51"]
[EventDate "2005.09.27"]
[SourceDate "2005.10.05"]

1. c4 e6 2. Nf3 d5 3. g3 Nf6 4. Bg2 dxc4 5. Qa4+ Bd7 6. Qxc4 Bc6 7. O-O Nbd7 8.
Qc2 Be7 9. Nc3 O-O 10. d4 Nd5 11. e4 Nxc3 12. bxc3 f5 13. Nd2 Nb6 14. Qb3 Qd7
15. exf5 Bxg2 16. Kxg2 Rxf5 17. Re1 Raf8 18. f4 Qc6+ 19. Kg1 Nd5 20. Ne4 b5 21.
Ba3 Bxa3 22. Qxa3 a5 23. Rac1 Nb6 24. Qe7 Nd5 25. Qa3 Nb6 26. Qe7 1/2-1/2

[Event "N�-LL 2005/06"]
[Site "?"]
[Date "2005.10.02"]
[Round "2"]
[White "Loidl, Florian"]
[Black "Herndlbauer, Martin"]
[Result "1-0"]
[WhiteElo "2132"]
[BlackElo "2044"]
[Annotator "B�hlerwerk : Baden"]
[PlyCount "81"]
[EventDate "2005.09.27"]
[SourceDate "2005.10.05"]

1. e4 c5 2. Nf3 Nc6 3. Nc3 e5 4. Bc4 d6 5. d3 Be7 6. O-O Nf6 7. Ng5 O-O 8. f4
h6 9. Nf3 Bg4 10. h3 Bxf3 11. Rxf3 Nd4 12. Rf2 Qd7 13. Nd5 b5 14. Nxf6+ Bxf6
15. Bd5 Rab8 16. c3 Ne6 17. Qg4 Kh8 18. fxe5 Bxe5 19. Be3 Qe7 20. Raf1 b4 21.
cxb4 cxb4 22. Kh1 g5 23. Qh5 Kg7 24. d4 Bf4 25. Bxe6 fxe6 26. Bxf4 gxf4 27.
Rxf4 Qg5 28. Qxg5+ hxg5 29. Rxf8 Rxf8 30. Rxf8 Kxf8 31. Kg1 Kg7 32. Kf2 Kf6 33.
g3 d5 34. Ke3 Kg6 35. Kd3 a5 36. exd5 exd5 37. a3 bxa3 38. bxa3 Kf5 39. Kc3 Ke4
40. h4 g4 41. h5 1-0

[Event "N�-LL 2005/06"]
[Site "?"]
[Date "2005.10.02"]
[Round "2"]
[White "Filip, Daniel"]
[Black "Brandst�tter, Friedrich"]
[Result "1/2-1/2"]
[WhiteElo "1917"]
[BlackElo "2108"]
[Annotator "B�hlerwerk : Baden"]
[PlyCount "109"]
[EventDate "2005.09.27"]
[SourceDate "2005.10.05"]

1. e4 c5 2. Nf3 Nc6 3. d4 cxd4 4. Nxd4 Nf6 5. Nc3 d6 6. Be3 e6 7. Bc4 Be7 8.
Qe2 O-O 9. O-O-O a6 10. f4 Qc7 11. Bb3 Nxd4 12. Rxd4 b5 13. a3 Bb7 14. Rhd1 Bc6
15. Bf2 Qb7 16. Bh4 Rfd8 17. e5 Ne8 18. Bxe7 Qxe7 19. Qd2 d5 20. f5 Rdc8 21.
Rf1 exf5 22. Rxf5 Nc7 23. Nxd5 Nxd5 24. Bxd5 Bxd5 25. Rxd5 Ra7 26. Rf3 Rac7 27.
c3 h6 28. Rfd3 Kh7 29. Kb1 Qe6 30. Qf4 Re7 31. g4 Rc4 32. R5d4 Qxe5 33. Rxc4
bxc4 34. Qxc4 Qxh2 35. Qxa6 Qg1+ 36. Ka2 Qxg4 37. Rd2 h5 38. Qd3+ g6 39. c4 Qe4
40. c5 Qxd3 41. Rxd3 h4 42. b4 g5 43. b5 g4 44. Rd4 f5 45. c6 h3 46. Rd7 Rxd7
47. cxd7 h2 48. d8=Q h1=Q 49. Qc7+ Kg8 50. Qc8+ Kg7 51. Qd7+ Kf6 52. Qd6+ Kg5
53. b6 Qg2+ 54. Kb3 Qf3+ 55. Kc2 1/2-1/2

[Event "N�-LL 2005/06"]
[Site "?"]
[Date "2005.10.02"]
[Round "2"]
[White "Strobel, Ferdinand"]
[Black "Cika, Aragon"]
[Result "1/2-1/2"]
[WhiteElo "2004"]
[BlackElo "1966"]
[Annotator "B�hlerwerk : Baden"]
[PlyCount "31"]
[EventDate "2005.09.27"]
[SourceDate "2005.10.05"]

1. f4 d5 2. Nf3 g6 3. g3 Bg7 4. Bg2 Nf6 5. O-O Bg4 6. d3 Qc8 7. c4 c6 8. cxd5
cxd5 9. Qb3 O-O 10. Be3 Nc6 11. Nbd2 Bxf3 12. Bxf3 Qd7 13. Kg2 Rfd8 14. Rac1
Ng4 15. Bxg4 Qxg4 16. Nf3 1/2-1/2

[Event "N�-LL 2005/06"]
[Site "?"]
[Date "2005.10.02"]
[Round "2"]
[White "Lanc, Alois"]
[Black "Gr�tz, Harald"]
[Result "1-0"]
[WhiteElo "2419"]
[BlackElo "2296"]
[Annotator "Stockerau : Ybbs"]
[PlyCount "77"]
[EventDate "2005.09.27"]
[SourceDate "2005.10.05"]

1. e4 c5 2. Nf3 d6 3. d4 cxd4 4. Nxd4 Nf6 5. Nc3 Nc6 6. Be2 e5 7. Nb3 Be7 8.
O-O O-O 9. Be3 a5 10. a4 Nb4 11. Bf3 Be6 12. Bg5 Qb6 13. Nb5 Bc4 14. Be2 d5 15.
c3 Na6 16. Bxf6 Bxf6 17. exd5 Rac8 18. Bxc4 Rxc4 19. Qe2 Rfc8 20. Nd2 R4c5 21.
c4 h6 22. Ne4 Rxc4 23. Ned6 Rc2 24. Nxc8 Rxc8 25. Rac1 Rd8 26. Rfd1 Nc5 27. Qc4
Nd7 28. b3 Bg5 29. Rc3 Qg6 30. h4 Nb6 31. Qc7 Bxh4 32. d6 Nd7 33. Qxb7 e4 34.
Re1 f5 35. Qd5+ Kh7 36. Nd4 Bf6 37. Rg3 Nb6 38. Qc5 Bxd4 39. Qxd4 1-0

[Event "N�-LL 2005/06"]
[Site "?"]
[Date "2005.10.02"]
[Round "2"]
[White "Kreischer, Georg"]
[Black "Batyte, Daiva"]
[Result "0-1"]
[WhiteElo "2099"]
[BlackElo "2180"]
[Annotator "Stockerau : Ybbs"]
[PlyCount "23"]
[EventDate "2005.09.27"]
[SourceDate "2005.10.05"]

1. e4 b6 2. Nc3 Bb7 3. Nf3 e6 4. Be2 Bb4 5. d3 Ne7 6. O-O O-O 7. Bd2 Ng6 8. a3
Be7 9. Be3 d6 10. Ne1 d5 11. exd5 exd5 12. Bf3 {
Rest nicht lesbar, 0:1 im 80.Zug} 0-1

[Event "N�-LL 2005/06"]
[Site "?"]
[Date "2005.10.02"]
[Round "2"]
[White "Schmid, Thomas"]
[Black "Posch, Roland"]
[Result "1/2-1/2"]
[WhiteElo "2085"]
[BlackElo "2066"]
[Annotator "Stockerau : Ybbs"]
[PlyCount "56"]
[EventDate "2005.09.27"]
[SourceDate "2005.10.05"]

1. e4 e5 2. Nf3 Nc6 3. Bb5 a6 4. Ba4 Nf6 5. O-O Be7 6. Re1 b5 7. Bb3 O-O 8. h3
d6 9. c3 Bb7 10. d4 h6 11. Nbd2 Re8 12. Nf1 Bf8 13. Ng3 Na5 14. Bc2 g6 15. b3
Bg7 16. Bb2 Kh7 17. a4 Nc6 18. d5 Ne7 19. Bd3 c6 20. dxc6 Bxc6 21. axb5 axb5
22. c4 Rxa1 23. Bxa1 bxc4 24. Bxc4 Kg8 25. Bf1 Qc7 26. b4 Rb8 27. Qd2 Ne8 28.
Bc3 Nc8 1/2-1/2

[Event "N�-LL 2005/06"]
[Site "?"]
[Date "2005.10.02"]
[Round "2"]
[White "Volkmann, Friedrich"]
[Black "Knoll, Hermann"]
[Result "1-0"]
[WhiteElo "2416"]
[BlackElo "2344"]
[Annotator "P�chlarn : Wr.Neustadt"]
[PlyCount "93"]
[EventDate "2005.09.27"]
[SourceDate "2005.10.06"]

1. e4 e6 2. d4 d5 3. Nd2 Nf6 4. e5 Nfd7 5. c3 c5 6. Bd3 Nc6 7. Ne2 cxd4 8. cxd4
f6 9. exf6 Qxf6 10. Nf3 h6 11. O-O Bd6 12. Ng3 O-O 13. Bc2 Rd8 14. Re1 Nf8 15.
Ne5 Bxe5 16. dxe5 Qh4 17. Nh5 Bd7 18. Re3 Be8 19. Nxg7 Kxg7 20. Rh3 Qxh3 21.
gxh3 Bg6 22. Bxg6 Nxg6 23. Qh5 Rh8 24. Kh1 Raf8 25. Be3 Rf5 26. Qe2 d4 27. Bd2
Rxe5 28. Qg4 h5 29. Qg2 Kf7 30. f4 Rf5 31. Qe4 Nge7 32. b4 Rd5 33. Re1 Rh6 34.
f5 exf5 35. Qf3 Rh7 36. Qb3 Kf6 37. h4 Ne5 38. Bg5+ Ke6 39. Qa4 d3 40. Qxa7
N7c6 41. Qa8 Rhd7 42. Qf8 Rf7 43. Qe8+ Kd6 44. Bf4 Re7 45. Qxh5 Nxb4 46. Qxf5
Nc2 47. Bxe5+ 1-0

[Event "N�-LL 2005/06"]
[Site "?"]
[Date "2005.10.02"]
[Round "2"]
[White "Weiss, Christian"]
[Black "Lucaci, Marius"]
[Result "1-0"]
[WhiteElo "2397"]
[BlackElo "2153"]
[Annotator "P�chlarn : Wr.Neustadt"]
[PlyCount "75"]
[EventDate "2005.09.27"]
[SourceDate "2005.10.06"]

1. d4 d5 2. c4 c6 3. Nf3 Nf6 4. Nc3 dxc4 5. a4 Bf5 6. e3 e6 7. Bxc4 Bd6 8. Qe2
Bg6 9. O-O O-O 10. e4 Be7 11. h3 Re8 12. Bf4 Nbd7 13. Rfd1 Qa5 14. Ne5 Rad8 15.
Nxg6 hxg6 16. Qc2 Nb6 17. Ba2 Rd7 18. Be3 Bb4 19. Bb3 Red8 20. Na2 Be7 21. g4
Nc8 22. Nc3 Nh7 23. Rd2 Qc7 24. Ne2 a6 25. Kg2 Bb4 26. Rdd1 Nf6 27. f3 c5 28.
Rac1 Qa5 29. g5 Nh5 30. d5 exd5 31. Bxd5 Ne7 32. Bb3 Nc6 33. Rxd7 Rxd7 34. Rd1
Qd8 35. Rd5 Rxd5 36. Bxd5 Na5 37. f4 Qe7 38. Qd3 {Rest nicht lesbar} 1-0

[Event "N�-LL 2005/06"]
[Site "?"]
[Date "2005.10.02"]
[Round "2"]
[White "Steiner, Adam"]
[Black "Weinzettl, Ernst"]
[Result "1/2-1/2"]
[WhiteElo "2131"]
[BlackElo "2325"]
[Annotator "P�chlarn : Wr.Neustadt"]
[PlyCount "42"]
[EventDate "2005.09.27"]
[SourceDate "2005.10.06"]

1. e4 c5 2. Nf3 Nc6 3. Nc3 d6 4. d4 cxd4 5. Nxd4 Nf6 6. Be3 a6 7. f3 Nxd4 8.
Qxd4 e5 9. Qd2 Be6 10. O-O-O Qa5 11. Qf2 Nd7 12. Kb1 Rc8 13. Nd5 Be7 14. g4 Bd8
15. g5 Qa4 16. h4 Nc5 17. Bh3 Qd7 18. Qg2 Na4 19. Rd3 Nc5 20. Rdd1 Na4 21. Rd3
Nc5 1/2-1/2

[Event "N�-LL 2005/06"]
[Site "?"]
[Date "2005.10.02"]
[Round "2"]
[White "Gattermayer, Robert"]
[Black "Posch, Werner"]
[Result "0-1"]
[WhiteElo "2067"]
[BlackElo "2206"]
[Annotator "P�chlarn : Wr.Neustadt"]
[PlyCount "84"]
[EventDate "2005.09.27"]
[SourceDate "2005.10.06"]

1. e4 Nf6 2. e5 Nd5 3. c4 Nb6 4. d4 d6 5. f4 dxe5 6. fxe5 c5 7. Nf3 cxd4 8.
Qxd4 Qxd4 9. Nxd4 e6 10. Nb5 Na6 11. Be3 Bb4+ 12. N1c3 Bd7 13. O-O-O Bxc3 14.
Nxc3 Bc6 15. Be2 Rc8 16. Kb1 O-O 17. b3 Nd7 18. Bxa7 Nxe5 19. Bd4 Ng6 20. Bf3
e5 21. Be3 e4 22. Be2 f5 23. g3 Nc7 24. Rd6 Ne8 25. Rd2 Nf6 26. Rhd1 Ne5 27. h3
Nf3 28. Rd6 Nh5 29. g4 Ng3 30. b4 f4 31. Bc5 Ne5 32. b5 f3 33. Bf1 Be8 34. R6d5
Nxf1 35. Rxf1 Rxc5 36. Rxc5 Nd3 37. Rd5 Bg6 38. h4 e3 39. h5 e2 40. Rh1 Nf2+
41. Kc1 Nxh1 42. Kd2 e1=Q+ 0-1

[Event "N�-LL 2005/06"]
[Site "?"]
[Date "2005.10.02"]
[Round "2"]
[White "Trkulja, Zoran"]
[Black "Svanda, Pavel"]
[Result "1-0"]
[WhiteElo "2226"]
[BlackElo "2239"]
[Annotator "Waidhofen : Korneuburg"]
[PlyCount "97"]
[EventDate "2005.09.27"]
[SourceDate "2005.10.06"]

1. e4 c5 2. Nf3 d6 3. d4 cxd4 4. Nxd4 Nf6 5. Nc3 e6 6. f4 Nc6 7. Nf3 Be7 8. Bd3
a6 9. O-O Qc7 10. Qe1 O-O 11. Qg3 Nb4 12. e5 dxe5 13. fxe5 Nxd3 14. cxd3 Nh5
15. Qh3 g6 16. Bh6 f5 17. exf6 Rxf6 18. Ne4 Rf5 19. Rac1 Qb6+ 20. Kh1 e5 21. g4
Nf4 22. Bxf4 Rxf4 23. Nxe5 Rxf1+ 24. Rxf1 Be6 25. Qh6 Bd5 26. Qc1 Qe6 27. Nf3
Rc8 28. Qe3 Qxg4 29. Nc3 Bc5 30. Nxd5 Qh3 31. Qe2 Rf8 32. Qg2 Qf5 33. d4 Qxd5
34. dxc5 Qxc5 35. a3 Qb5 36. b4 Qd3 37. Qa2+ Kg7 38. Qb2+ Rf6 39. Kg2 Qd5 40.
Qe2 g5 41. h3 h5 42. Qe7+ Kg6 43. Qe8+ Kh6 44. Qe5 Rf5 45. Qe3 a5 46. Re1 axb4
47. axb4 Kh7 48. Qe7+ Rf7 49. Qxf7+ 1-0

[Event "N�-LL 2005/06"]
[Site "?"]
[Date "2005.10.02"]
[Round "2"]
[White "Piza, Vlastimil"]
[Black "Stanivukovic, Drago"]
[Result "1-0"]
[WhiteElo "2277"]
[BlackElo "2080"]
[Annotator "Waidhofen : Korneuburg"]
[PlyCount "56"]
[EventDate "2005.09.27"]
[SourceDate "2005.10.06"]

1. e4 c5 2. Nf3 d6 3. d4 cxd4 4. Nxd4 Nf6 5. Nc3 a6 6. f4 g6 7. Bd3 Bg7 8. Nf3
O-O 9. O-O b5 10. Qe1 Bb7 11. Kh1 Nbd7 12. e5 dxe5 13. fxe5 Nd5 14. e6 Nxc3 15.
bxc3 Bxf3 16. Rxf3 Ne5 17. exf7+ Rxf7 18. Rxf7 Nxf7 19. Bf4 e5 20. Bg3 Rc8 21.
a4 b4 22. Bxa6 Rxc3 23. Qe2 Qc7 24. Bd3 Ra3 25. Rf1 Nh6 26. Bc4+ Kh8 27. Bb3
Nf5 28. Qb5 h6 1-0

[Event "N�-LL 2005/06"]
[Site "?"]
[Date "2005.10.02"]
[Round "2"]
[White "Hirsch, Andreas"]
[Black "Kropik, Martin"]
[Result "1/2-1/2"]
[WhiteElo "2003"]
[BlackElo "2112"]
[Annotator "Waidhofen : Korneuburg"]
[PlyCount "58"]
[EventDate "2005.09.27"]
[SourceDate "2005.10.06"]

1. g3 g6 2. Bg2 Bg7 3. f4 d6 4. Nf3 c5 5. O-O Nc6 6. c3 Nf6 7. d3 O-O 8. Na3 d5
9. h3 a6 10. Nc2 Qd6 11. Qe1 d4 12. cxd4 cxd4 13. Qf2 Nd5 14. Ncxd4 Nxd4 15.
Nxd4 Nxf4 16. Bxf4 Qxd4 17. Rab1 Qa4 18. a3 a5 19. Kh2 Ra6 20. Bg5 Bf6 21. Bxf6
Rxf6 22. Qc5 b6 23. Qc3 Re6 24. Rf4 Qd7 25. Rd4 Rd6 26. Rxd6 Qxd6 27. Rc1 Bd7
28. Qd2 Rc8 29. Rxc8+ Bxc8 1/2-1/2

[Event "N�-LL 2005/06"]
[Site "?"]
[Date "2005.10.02"]
[Round "2"]
[White "Wagner, Stefan"]
[Black "Haider, Johann"]
[Result "1/2-1/2"]
[WhiteElo "1915"]
[BlackElo "1931"]
[Annotator "Waidhofen : Korneuburg"]
[PlyCount "58"]
[EventDate "2005.09.27"]
[SourceDate "2005.10.06"]

1. Nf3 g6 2. c4 Bg7 3. Nc3 Nf6 4. d4 O-O 5. e4 d6 6. Be2 e5 7. O-O Nc6 8. d5
Ne7 9. b4 Nh5 10. Re1 Nf4 11. Bf1 f5 12. Bxf4 exf4 13. e5 dxe5 14. Nxe5 a5 15.
b5 Qd6 16. Qd4 c5 17. Qxf4 Bd7 18. Rac1 Rae8 19. Nd3 Qxf4 20. Nxf4 Nc8 21. Na4
b6 22. Rcd1 Kf7 23. g3 g5 24. Nd3 Bd4 25. Bg2 f4 26. Bf3 Rxe1+ 27. Rxe1 fxg3
28. hxg3 Kg7 29. Be2 Bf5 1/2-1/2

[Event "N�-LL 2005/06"]
[Site "?"]
[Date "2005.10.02"]
[Round "2"]
[White "Rumpl, Erwin"]
[Black "Lehner, Oliver"]
[Result "1/2-1/2"]
[WhiteElo "2290"]
[BlackElo "2415"]
[Annotator "St.P�lten : Amstetten"]
[PlyCount "35"]
[EventDate "2005.09.27"]
[SourceDate "2005.10.06"]

1. e4 g6 2. d4 Bg7 3. Nc3 d6 4. f4 a6 5. Nf3 b5 6. Bd3 b4 7. Nd5 c6 8. Ne3 Nd7
9. O-O e6 10. Bd2 c5 11. Nc4 Nb6 12. dxc5 dxc5 13. e5 Nxc4 14. Bxc4 Bb7 15. Be3
Qc8 16. Qe2 Nh6 17. Nd2 Nf5 18. Bd3 1/2-1/2

[Event "N�-LL 2005/06"]
[Site "?"]
[Date "2005.10.02"]
[Round "2"]
[White "Ganaus, Hannes"]
[Black "Wadsack, Wolfgang"]
[Result "1/2-1/2"]
[WhiteElo "2368"]
[BlackElo "2219"]
[Annotator "St.P�lten : Amstetten"]
[PlyCount "52"]
[EventDate "2005.09.27"]
[SourceDate "2005.10.06"]

1. Nf3 d5 2. c4 c6 3. e3 Nf6 4. Nc3 e6 5. d4 Be7 6. b3 O-O 7. Bd3 b6 8. O-O Bb7
9. Qe2 c5 10. cxd5 cxd4 11. Nxd4 Nxd5 12. Nxd5 Qxd5 13. Nf3 Qh5 14. Bb2 Nd7 15.
Ba6 Bxf3 16. Qxf3 Qxf3 17. gxf3 Nc5 18. Be2 Rfd8 19. Rfd1 Bf6 20. Bxf6 gxf6 21.
Kf1 Kf8 22. Ke1 Ke7 23. b4 Nb7 24. Rxd8 Rxd8 25. Rc1 Nd6 26. Bd3 Kd7 1/2-1/2

[Event "N�-LL 2005/06"]
[Site "?"]
[Date "2005.10.02"]
[Round "2"]
[White "Bachmayer, Josef"]
[Black "R�hrl, Karl"]
[Result "0-1"]
[WhiteElo "2106"]
[BlackElo "2223"]
[Annotator "St.P�lten : Amstetten"]
[PlyCount "86"]
[EventDate "2005.09.27"]
[SourceDate "2005.10.06"]

1. d4 Nf6 2. Nc3 d6 3. Bg5 Nbd7 4. Qd2 c6 5. O-O-O b5 6. f3 Qa5 7. e4 a6 8. Kb1
e5 9. dxe5 dxe5 10. Nd5 Qxd2 11. Nxf6+ gxf6 12. Bxd2 Bc5 13. Ne2 Nb6 14. Ng3
Rg8 15. Ba5 Rb8 16. c3 Be6 17. b3 Ke7 18. Kc2 Rb7 19. Rd3 Nc8 20. Be2 Rd7 21.
Rhd1 Rxd3 22. Rxd3 Nd6 23. Bb4 Bxb4 24. cxb4 f5 25. Bf1 fxe4 26. fxe4 f5 27.
exf5 Nxf5 28. Rc3 Nxg3 29. hxg3 Bd5 30. Re3 Kd6 31. Kd2 h6 32. Ke1 Rg4 33. a3
Re4 34. Rxe4 Bxe4 35. Kd2 Ke6 36. g4 Kf6 37. g3 Bd5 38. Be2 Bxb3 39. Bf3 Bd5
40. Be2 Ke7 41. Ke3 Kd6 42. Bd3 c5 43. bxc5+ Kxc5 0-1

[Event "N�-LL 2005/06"]
[Site "?"]
[Date "2005.10.02"]
[Round "2"]
[White "Pernerstorfer, Johannes"]
[Black "Wadsack, Winfried"]
[Result "0-1"]
[WhiteElo "2073"]
[BlackElo "2119"]
[Annotator "St.P�lten : Amstetten"]
[PlyCount "122"]
[EventDate "2005.09.27"]
[SourceDate "2005.10.07"]

1. e4 d5 2. exd5 Nf6 3. d4 Nxd5 4. Nf3 g6 5. c4 Nb6 6. Nc3 Bg7 7. h3 O-O 8. Be3
Nc6 9. Qd2 e5 10. d5 Ne7 11. g4 e4 12. Nxe4 f5 13. Nc5 fxg4 14. Ng5 Nf5 15.
Nge6 Bxe6 16. Nxe6 Qf6 17. hxg4 Nxe3 18. fxe3 Qxb2 19. Qxb2 Bxb2 20. Rb1 Bc3+
21. Ke2 Rf7 22. Kd3 Bh8 23. Be2 c6 24. e4 Re8 25. Nf4 Rd7 26. Bf3 Na4 27. Kc2
Nc5 28. Rhe1 Bf6 29. Nh3 Re5 30. Re2 Rde7 31. Nf2 cxd5 32. cxd5 Rc7 33. Kd1 Na4
34. Rc2 Nc3+ 35. Ke1 Rxd5 36. exd5 Re7+ 37. Kf1 Nxb1 38. d6 Rf7 39. Bd5 Nc3 40.
Be6 Kg7 41. Kg2 Rf8 42. g5 Bd4 43. d7 Rd8 44. Nh3 Nb5 45. a4 Nd6 46. Rd2 Bc5
47. Rd5 b6 48. Nf4 Be3 49. Nd3 Nf5 50. Nb4 Ne7 51. Re5 Bxg5 52. Bh3 Bf6 53. Re2
a5 54. Nd3 Nf5 55. Bxf5 gxf5 56. Re6 Rxd7 57. Nf4 Bd4 58. Rc6 Bc5 59. Ne6+ Kf7
60. Kf3 Rd6 61. Ng5+ Kg6 0-1

[Event "N�-LL 2005/06"]
[Site "?"]
[Date "2005.10.16"]
[Round "3"]
[White "Wukits, Rene"]
[Black "Rumpl, Erwin"]
[Result "0-1"]
[WhiteElo "2329"]
[BlackElo "2290"]
[Annotator "Amstetten : Ternitz/Gloggnitz"]
[PlyCount "84"]
[EventDate "2005.09.27"]
[SourceDate "2005.10.18"]

1. e4 e6 2. d4 d5 3. Nd2 dxe4 4. Nxe4 Bd7 5. Nf3 Bc6 6. Bd3 Nd7 7. O-O Ngf6 8.
Ng3 Be7 9. Re1 Bxf3 10. Qxf3 c6 11. c4 O-O 12. Bd2 Re8 13. Bc3 a5 14. a3 a4 15.
Rad1 Qc7 16. d5 cxd5 17. cxd5 exd5 18. Nf5 Bf8 19. Bb5 Rxe1+ 20. Rxe1 Qb6 21.
Bxd7 Nxd7 22. Bd4 Qa6 23. h3 Nf6 24. Qg3 Ne4 25. Ne7+ Kh8 26. Qe5 Qe6 27. Qxd5
Qxd5 28. Nxd5 Nd6 29. Nb6 Rd8 30. Rd1 Be7 31. Bc5 Ne4 32. Rxd8+ Bxd8 33. Nxa4
b5 34. Bb6 Bf6 35. Nc3 Nxc3 36. bxc3 Bxc3 37. Bc5 f5 38. Kf1 Kg8 39. Ke2 Kf7
40. Kd3 Be5 41. f4 Bxf4 42. Kd4 Ke6 0-1

[Event "N�-LL 2005/06"]
[Site "?"]
[Date "2005.10.16"]
[Round "3"]
[White "Wadsack, Wolfgang"]
[Black "Degen, Gerhard"]
[Result "1-0"]
[WhiteElo "2219"]
[BlackElo "2117"]
[Annotator "Amstetten : Ternitz/Gloggnitz"]
[PlyCount "53"]
[EventDate "2005.09.27"]
[SourceDate "2005.10.18"]

1. e4 c6 2. d4 d5 3. exd5 cxd5 4. c4 Nf6 5. Nc3 Nc6 6. Bg5 Be6 7. Qd2 Qd7 8.
Rd1 g6 9. Be2 a6 10. Bf3 Rd8 11. Bxf6 exf6 12. cxd5 Bg7 13. dxc6 bxc6 14. Nge2
O-O 15. O-O f5 16. b3 Qd6 17. Na4 Bc8 18. Rc1 Qe7 19. Bxc6 g5 20. Rfe1 Rd6 21.
Ng3 Qd8 22. d5 g4 23. Rc4 Rh6 24. Qf4 Qh4 25. h3 Rf6 26. Re8 a5 27. Rxc8 1-0